000 00248nam a2200109Ia 4500
008 190216s9999||||xx |||||||||||||| ||und||
100 _aDavid Benjamin
245 0 _aManagement Accounting
260 _bHutchinson
_c1985
300 _a399p
942 _cBK
999 _c5403
_d5403